Obras escogidas. Tomo IV

Guardado en:
書目詳細資料
主要作者: Lenin, Vladimir Ilich
格式: 圖書
語言:Undetermined
出版: Moscú, Rusia Editorial Progreso 1975
主題:
標簽: 添加標簽
沒有標簽, 成為第一個標記此記錄!

MARC

LEADER 00000nam a2200000Ia 4500
008 170316s9999 xx 000 0 und d
090 |a 100 L-31o v.4 
100 |a Lenin, Vladimir Ilich 
245 |a Obras escogidas. Tomo IV 
260 |a Moscú, Rusia 
260 |b Editorial Progreso 
260 |c 1975 
300 |a 440 páginas 
650 |a FILOSOFÍA 
999 |c 16809  |d 16809 
040 |a cru BVZT 
942 |c 15 D  |h 100 L-31o v.4  |2 z